My heart is broken; eight stories and a short novel.

Guardat en:
Dades bibliogràfiques
Autor principal: Gallant, Mavis
Format: Llibre
Idioma:English
Publicat: New York, Random House [1964]
LEADER 00779nam a22002171 4500
001 c000106088
003 CARM
005 00000000000000.0
008 790503r1964 nyu 00001 eng
019 1 |a 1389048  |5 LACONCORD2021 
035 |a (OCoLC)1655901  |5 LACONCORD2021 
040 |c WaSp 
050 0 0 |a PZ4.G1626  |b My 
100 1 |a Gallant, Mavis. 
245 1 0 |a My heart is broken;  |b eight stories and a short novel. 
260 |a New York,  |b Random House  |c [1964] 
300 |a 273 p.  |c 22 cm. 
500 |a "Appeared originally in the New Yorker." 
852 8 |b CARM  |h A2:AD25A0  |i B03171  |p 0153528  |f BK 
999 f f |i dbd56a78-53f2-520b-8675-958ec7e7a052  |s 3e7d69b3-8b0d-50e2-96d7-fcd1a94d004d 
952 f f |p Can circulate  |a CAVAL  |b CAVAL  |c CAVAL  |d CARM 1 Store  |e B03171  |f A2:AD25A0  |h Other scheme  |i book  |m 0153528